000 00480nam a22001937a 4500
003 Ost
005 20220827154605.0
008 220827b |||||||| |||| 00| 0 eng d
020 _aNA
040 _cBT-PhCST
050 _a4208
082 _222
_a610.3
100 _aAguilar, Isidro and Galbes, Herminia.
245 _aEncyclopedia of health and education for the family /
260 _bEditorial Safeliz,
_cc1999.
300 _a0
_bill. ;
440 _vv.3
942 _2ddc
_cGEN
999 _c1758
_d1758